000 00706nam a2200253Ia 4500
003 OSt
005 20220918165333.0
006 a|||||r|||| 00| 0
007 ta
008 220917b |||||||| |||| 00| 0 eng d
020 _a3445021325
024 _a37,887
037 _cTextual
040 _aARTS
_cARTS
_beng
041 _2eng
_aeng
082 _aO13,2C55,2, M0
100 _aEberline Charles N
_923864
245 0 _aStudies in manuscript tradition of the Ranae of Aristophanes
260 _aGermany
_bverlag Anton Hein
_c1980
300 _a201p.
_ccm.
650 _aENGLISH LITERATURE
942 _hO13,2C55,2, M0
_cTEXL
_2CC
999 _c129389
_d129389